Statistics for Most viewed Wikipedia articles

Click here to take the quiz!

General Stats

  • This quiz has been taken 8 times
  • The average score is 6 of 20

Answer Stats

Viewed (Count)Page Title% Correct
125,400,000Donald Trump
75%
114,600,000Barack Obama
63%
168,200,000United States
50%
81,000,000World War I
50%
97,600,000World War II
50%
83,700,000Adolf Hitler
38%
96,300,000Michael Jackson
38%
94,000,000Sex
38%
76,500,000Canada
25%
92,300,000Eminem
25%
101,000,000India
25%
83,000,000Justin Bieber
25%
92,300,000Lady Gaga
25%
78,000,000Steve Jobs
25%
90,000,000The Beatles
25%
74,000,000Academy Awards
13%
76,400,000Game of Thrones
13%
74,400,000How I Met Your Mother
13%
78,600,000The Big Bang Theory
13%
92,500,000United Kingdom
13%

Score Distribution

Percentile by Number Answered

Percent of People with Each Score

Your Score History

You have not taken this quiz